000 00524nam a2200181Ia 4500
005 20250317131315.0
008 008 250317s9999 xx 000 0 eng d
037 _aTextbook
040 _aFMSL
_beng
_cFMSL
041 _aeng
_2eng
084 _aX:8D N3
_qFMSL
100 _aKolb R W
_9295697
245 0 _aFicial institutions and markets : student resource manual
260 _aFlorida
_bFlorida, Kolb
_c1993
300 _a393p
942 _cTB
_hX:8D N3
999 _c1267583
_d1267583